000 00674nam a22002057a 4500
005 20100806130130.0
010 _aENG-98631
020 _a9788190795517
_c60.00
035 _aEN-82163
037 _bDBAD/PUB
082 _a591
100 _aSrinivasan, K.
_97651
245 _aZoology :
_bgenetics and evolution general topics /
_cby K. Srinivasan
260 _aErode
_bPallavi Publications
_c2008
270 _a194, Kann Complex, Mattur Road
_bErode
_e11
300 _a134p.
_c20cm (pbk)
650 _aZoology
_97652
942 _2ddc
_cEN
_h591
_mSRI
999 _c39730
_d39730